Mathématiques par lettre - M - Statistiques

Statistiques générales
  • Ce quiz a été pris 398 fois
  • Le résultat moyen est 9 sur 15
Statistiques - réponses
Hint Réponse % Correct
Plus grand élément d'un ensemble ordonné Maximum
91%
Plus petit élément d'un ensemble ordonné Minimum
89%
Elle partage la population en deux parties de même effectif Médiane
87%
La lettre "M" dans PPCM Multiple
87%
Égale à la somme des données divisée par leur nombre Moyenne
73%
Facteur multiplicatif par 1 000 000 Méga
61%
Dans un triangle, elles concourent au centre du cercle circonscrit au triangle Médiatrices
59%
Tableau de nombres Matrice
58%
Valeur supérieure à toutes celles données Majorant
56%
Valeur inférieure à toutes celles données Minorant
55%
Longueur caractérisant un nombre complexe Module
55%
Facteur multiplicatif par 1/1 000 000 Micro
54%
Synonyme de croissante ou décroissante Monotone
53%
En algèbre générale, application entre deux structures algébriques de même espèce Morphisme
36%
Voisin de "reste dans la division" Modulo
19%
Aucun quiz correspondant
Distribution des résultats
% des personnes avec chaque résultat
Percentile par nombre de réponses
Votre historique - résultats
Vous n’avez pas pris ce quiz